[Event "Znojemska Rotunda 2006"]
[Site "?"]
[Date "2006.08.26"]
[Round "9.8"]
[White "Bastyr, Pavel"]
[Black "Havel, Vojtech"]
[Result "1-0"]
[WhiteElo "1541"]
[BlackElo "1571"]
[PlyCount "75"]
[EventDate "2006.08.19"]

1. d4 d5 2. c4 e6 3. Nc3 Bb4 4. Nf3 Nf6 5. Bg5 c5 6. dxc5 Bxc3+ 7. bxc3 Qa5 8.
Bxf6 gxf6 9. Qb3 dxc4 10. Qxc4 Bd7 11. Qb4 Qc7 12. e3 Nc6 13. Qb2 Ne5 14. Be2
Bc6 15. Nxe5 fxe5 16. O-O Rg8 17. f3 f5 18. Bc4 Bd5 19. Qb5+ Bc6 20. Qb3 Qg7
21. Qb2 Ke7 22. Rad1 Rad8 23. Rd6 Rxd6 24. cxd6+ Kxd6 25. Rd1+ Ke7 26. Qd2 Bd5
27. Bxd5 exd5 28. Qb2 Ke6 29. Rd2 h5 30. Qb5 Rd8 31. c4 d4 32. exd4 Rxd4 33.
Rxd4 exd4 34. Qd5+ Ke7 35. Qxb7+ Kf8 36. Qc8+ Ke7 37. Qc5+ Ke8 38. Qxf5 1-0

[Event "Znojemska Rotunda 2006"]
[Site "?"]
[Date "2006.08.26"]
[Round "9.9"]
[White "Adam, Petr jun"]
[Black "Jostic, Peter"]
[Result "1-0"]
[WhiteElo "1497"]
[BlackElo "1400"]
[PlyCount "113"]
[EventDate "2006.08.19"]

1. e4 c5 2. Nc3 Nc6 3. g3 e6 4. Bg2 Nf6 5. d3 d5 6. exd5 exd5 7. Qe2+ Be7 8.
Nf3 O-O 9. O-O Bg4 10. h3 Nd4 11. Qd1 Nxf3+ 12. Bxf3 Bxh3 13. Re1 Be6 14. Ne2
Re8 15. Nf4 Bf8 16. Bd2 Qd7 17. Nxe6 Rxe6 18. Bg5 h6 19. Bxf6 Rxf6 20. Bg2 Rd8
21. d4 Qf5 22. Qd2 cxd4 23. Qxd4 Rc8 24. Re2 Bc5 25. Qd2 Rd6 26. Rae1 Qg6 27.
Re8+ Rxe8 28. Rxe8+ Kh7 29. Re5 Qxg3 30. Qd3+ Qxd3 31. cxd3 Rf6 32. Re2 Rf5 33.
Rc2 Bb6 34. Kf1 g5 35. b4 g4 36. Ke1 Kg6 37. a4 a5 38. bxa5 Bxa5+ 39. Kf1 b6
40. Rc6+ Kg5 41. Rd6 Re5 42. Rxd5 Rxd5 43. Bxd5 f5 44. Bg2 Kf4 45. d4 Bc3 46.
d5 Ke5 47. Ke2 f4 48. f3 h5 49. Kd3 Bb4 50. Kc4 Bc5 51. a5 Be3 52. a6 g3 53.
Kb5 Kxd5 54. a7 Kd4 55. a8=Q Kd3 56. Qd5+ Ke2 57. Qxh5 1-0

[Event "Znojemska Rotunda 2006"]
[Site "?"]
[Date "2006.08.26"]
[Round "9.10"]
[White "Smetak, Vaclav"]
[Black "Petlak, Josef"]
[Result "0-1"]
[WhiteElo "2050"]
[BlackElo "2019"]
[PlyCount "146"]
[EventDate "2006.08.19"]

1. c4 e6 2. Nc3 d5 3. e3 Nf6 4. Nf3 Be7 5. d4 O-O 6. Bd3 b6 7. O-O Bb7 8. Ne5
dxc4 9. Nxc4 Nbd7 10. b3 c5 11. Qe2 Qc7 12. f3 Rfd8 13. Bb2 cxd4 14. exd4 Nd5
15. Nxd5 Bxd5 16. Ne5 Nxe5 17. dxe5 Bc5+ 18. Kh1 Qe7 19. Rad1 Qh4 20. Bc3 Bb7
21. Be1 Qg5 22. Bd2 Qh5 23. Bc3 Qh4 24. Rd2 g6 25. Rfd1 Qf4 26. Bc4 Rxd2 27.
Rxd2 Bc6 28. b4 Be7 29. b5 Be8 30. g3 Qh6 31. Kg2 Rc8 32. Bd4 Bg5 33. Rc2 Bd7
34. h4 Be7 35. Be3 Qf8 36. Qd2 Qd8 37. a4 Rc7 38. Bd3 Bc8 39. Rxc7 Qxc7 40. Bg5
Bb7 41. h5 Bd5 42. h6 Bf8 43. Qf4 Bb3 44. Qe4 Bd5 45. Qd4 Bc5 46. Qb2 Qd7 47.
Be2 Bd4 48. Qd2 Bxe5 49. Bc4 f6 50. Bxd5 Qxd5 51. Be3 Qxd2+ 52. Bxd2 Bd4 53. f4
e5 54. Kf3 Kf7 55. fxe5 Bxe5 56. Be3 Ke6 57. a5 Kd5 58. axb6 axb6 59. Bxb6 Kc4
60. g4 Kxb5 61. Bd8 Kc6 62. Ke4 Kd6 63. Ba5 Ke6 64. Bd2 Bd6 65. Bc1 Bf8 66. g5
f5+ 67. Kf3 Kd5 68. Bb2 Bd6 69. Bf6 Be5 70. Bd8 Bb2 71. Be7 Ke6 72. Bd8 Kd7 73.
Bb6 Bc1 0-1

[Event "Znojemska Rotunda 2006"]
[Site "?"]
[Date "2006.08.26"]
[Round "9.11"]
[White "Vavrousek, Petr"]
[Black "Horak, Karel sen"]
[Result "1/2-1/2"]
[WhiteElo "1903"]
[BlackElo "1786"]
[PlyCount "24"]
[EventDate "2006.08.19"]

1. e4 c5 2. Nf3 e6 3. d3 Nc6 4. g3 d6 5. Bg2 g6 6. O-O Bg7 7. c3 Nge7 8. Re1
O-O 9. Nbd2 b5 10. Nf1 Rb8 11. Ne3 Bb7 12. h4 Qc7 1/2-1/2

[Event "Znojemska Rotunda 2006"]
[Site "?"]
[Date "2006.08.26"]
[Round "9.12"]
[White "Kukla, Tomas"]
[Black "Malar, Josef"]
[Result "1-0"]
[WhiteElo "1590"]
[BlackElo "1541"]
[PlyCount "59"]
[EventDate "2006.08.19"]

1. e4 e5 2. Nf3 Nc6 3. Bb5 a6 4. Ba4 Nf6 5. O-O Be7 6. Re1 d6 7. Bxc6+ bxc6 8.
d4 Bg4 9. dxe5 Bxf3 10. Qxf3 dxe5 11. Bg5 O-O 12. Rd1 Qc8 13. Nd2 Qe6 14. b3
Rfd8 15. Nc4 h6 16. Bh4 Rd4 17. Rxd4 exd4 18. e5 Nd5 19. Bxe7 Nxe7 20. Rd1 Rd8
21. Qe4 f5 22. Qe1 Rd5 23. a4 Ng6 24. Qb4 Kh7 25. Re1 f4 26. f3 Nh4 27. Qd2 Qg6
28. Qd3 Nf5 29. e6 Ne3 30. e7 1-0

[Event "Znojemska Rotunda 2006"]
[Site "?"]
[Date "2006.08.26"]
[Round "9.13"]
[White "Molik, Zdenek 2"]
[Black "Jadud, Oto"]
[Result "0-1"]
[WhiteElo "1629"]
[BlackElo "1981"]
[PlyCount "104"]
[EventDate "2006.08.19"]

1. e4 e6 2. d4 d5 3. e5 c5 4. c3 Nc6 5. Nf3 Qb6 6. Be2 cxd4 7. cxd4 Nge7 8. Na3
Nf5 9. Nc2 Be7 10. O-O O-O 11. b3 f6 12. Bb2 fxe5 13. dxe5 Bd7 14. Ncd4 Nfxd4
15. Bxd4 Nxd4 16. Qxd4 Bc5 17. Qh4 h6 18. Qg3 Bb5 19. Bxb5 Qxb5 20. Qg4 Rf5 21.
Nd4 Qb4 22. Rad1 Rxe5 23. a3 Qxa3 24. Nxe6 Bf8 25. Nxf8 Rxf8 26. Rxd5 Rxd5 27.
Qe6+ Rf7 28. Qxd5 Qf8 29. f3 Kh8 30. Rd1 Re7 31. Qc4 Qb8 32. Rc1 Qe5 33. Qc3
Qxc3 34. Rxc3 Re1+ 35. Kf2 Rb1 36. h4 Rb2+ 37. Kg3 h5 38. f4 b5 39. Kf3 a5 40.
g3 a4 41. bxa4 bxa4 42. Ke4 Rb3 43. Rxb3 axb3 44. Kd3 Kh7 45. f5 g6 46. fxg6+
Kxg6 47. Kc3 Kf5 48. Kxb3 Kg4 49. Kc3 Kxg3 50. Kd3 Kxh4 51. Ke3 Kg3 52. Ke2 Kg2
0-1